000 00908nam a22003017a 4500
001 BR2013001018
003 BR-BrBNA
005 20230928104125.0
007 ta
008 230509b bl.||||| |||| 00| 0 por d
040 _aBR-BrBNA
_bpor
_cBiblioteca Nacional de Agricultura
041 _a(Por)
072 _aP01; E14
090 _ P01 BR2013001018
110 1 _aFundação Jorge Duprat Figueiredo de Segurança e Medicina do Trabalho, São Paulo, SP (Brasil)
_94980
245 1 _aAprendendo com a natureza. Programa segurança e saúde do trabalhador rural
260 3 _aSão Paulo, SP (Brasil):
_c2001.
300 _a102 p.
500 _a142 illus.; 25 tables
650 _aEDUCAÇÃO AMBIENTAL
650 _aESCOLA
650 _aHOMEM
650 _aNATUREZA
650 _aCONSERVAÇÃO
650 _aPROJETO DE DESENVOLVIMENTO
909 _a202309
_bLucia
_c55
_dLucia Elande
942 _cBK
999 _c78242
_d78242